[Event "DRUZYNOWE MISTRZOSTWA POLSKI JUNIOROW - II LIGA"]
[Site "Szczyrk, CKiR Orle Gniazdo ul. Wrzosowa 28a"]
[Date "2014-07-26"]
[Round "1.78"]
[White "Zniszczol, Wiktoria"]
[Black "Szulc, Patrycja"]
[Result "1/2-1/2"]
[WhiteTitle "II"]
[BlackTitle "II"]
[WhiteElo "1028"]
[BlackElo "1383"]

1. e4 c5 2. Bc4 d6 3. Nf3 Nc6 4. Nc3 Nf6 5. d4 cxd4 6. Nxd4 e6 7. Bb5 Bd7 8. O-O
Be7 9. Re1 O-O 10. Bxc6 bxc6 11. e5 Nd5 12. Nxd5 cxd5 13. Qg4 dxe5 14. Bh6 Bf6
15. Nf3 Kh8 16. Bg5 e4 17. Bxf6 Qxf6 18. Ng5 h6 19. Nh3 Qxb2 20. Rad1 Rfd8 21.
Re3 e5 22. Qh5 Bxh3 23. Rxh3 Qxc2 24. Rf1 Qc7 25. Rg3 Rg8 26. Rg5 Rae8 27. Rf5
Re7 28. Rf6 Re6 29. Rxf7 Qb6 30. Rd1 d4 31. Qh4 Qc6 32. Rxa7 Qc2 33. Rf1 Rc6 34.
h3 d3 35. Qxe4 d2 36. Qxc2 Rxc2 37. Rd7 Ra8 38. Rd1 Raxa2 39. Kf1 Rc1 40. R7xd2
Raa1 41. Rxc1 Rxc1+ 42. Ke2 Rc5 43. Ke3 Kh7 44. Rd6 g5 45. Ke4 Rc2 46. Ke3 Rc3+
47. Rd3 Rxd3+ 48. Kxd3 Kg6 49. g4 Kf6 50. Ke4 Ke6 51. f3 Kf6 52. Kd5 Kg6 53. Kxe5
Kg7 54. Kf5 Kf7 55. f4 gxf4 56. Kxf4 Kf6 57. h4 Kg6 58. g5 hxg5+ 59. hxg5 Kg7
60. Kf5 Kf7 61. g6+ Kg8 62. Kg5 Kg7 63. Kh5 Kg8 64. Kh6 Kh8 65. g7+ Kg8 66. Kg6
1/2-1/2

[Event "DRUZYNOWE MISTRZOSTWA POLSKI JUNIOROW - II LIGA"]
[Site "Szczyrk, CKiR Orle Gniazdo ul. Wrzosowa 28a"]
[Date "2014-07-26"]
[Round "1.79"]
[White "Rudecki, Bartosz"]
[Black "Lizak, Jakub"]
[Result "1/2-1/2"]
[WhiteTitle "II+"]
[BlackTitle "I++"]
[WhiteElo "1578"]
[BlackElo "1980"]

1. e4 c5 2. Nf3 e6 3. d3 Nc6 4. Nbd2 g6 5. g3 Bg7 6. Bg2 Nge7 7. O-O O-O 8. Re1
Qc7 9. Nf1 d5 10. Qe2 b6 11. Bf4 Qd8 12. c3 Ba6 13. Qd2 dxe4 14. dxe4 Qxd2 15.
N1xd2 e5 16. Be3 h6 17. h4 f5 18. exf5 gxf5 19. Nh2 Rad8 20. f4 e4 21. g4 Nd5
22. Ndf1 Bf6 23. gxf5 Bxh4 24. Bf2 Bxf2+ 25. Kxf2 Nxf4 26. Bxe4 Ne5 27. Kg3 Nh5+
28. Kh4 Nf6 29. Bc2 Rfe8 30. Re3 Nc4 31. Bb3 Kf8 32. Bxc4 Bxc4 33. b3 Bd3 34.
Rd1 c4 35. bxc4 Bxc4 36. Rxd8 Rxd8 37. Ng3 Bxa2 38. Ng4 Nxg4 39. Kxg4 Bf7 40.
f6 Rd6 41. Ne4 Rd7 42. c4 Rd4 43. Kf5 Rxc4 44. Rh3 h5 45. Re3 a5 46. Kg5 Rc6 47.
Rd3 Re6 48. Rd4 b5 49. Kf5 Re8 50. Ng5 Kg8 51. Rd7 Rf8 52. Ne6 Re8 53. Nd8 Rf8
54. Nc6 a4 55. Ne5 a3 56. Ng6 Ra8 57. Ne7+ Kf8 58. Ng6+ Kg8 59. Ne7+ Kf8 60. Ng6+
Kg8 1/2-1/2

[Event "DRUZYNOWE MISTRZOSTWA POLSKI JUNIOROW - II LIGA"]
[Site "Szczyrk, CKiR Orle Gniazdo ul. Wrzosowa 28a"]
[Date "2014-07-26"]
[Round "1.80"]
[White "Szolc, Grzegorz"]
[Black "Gajewski, Marcin"]
[Result "1/2-1/2"]
[WhiteTitle "I"]
[BlackTitle "II"]
[WhiteElo "1883"]
[BlackElo "1415"]

1. e4 c5 2. Nf3 Nc6 3. c3 Nf6 4. e5 Nd5 5. d4 cxd4 6. cxd4 e6 7. Bc4 d6 8. O-O
Nb6 9. Bb5 Bd7 10. Nc3 a6 11. Bd3 Qc7 12. Bf4 d5 13. Rc1 Be7 14. Bb1 h6 15. h3
Nc4 16. b3 Nb6 17. Ne2 Ba3 18. Rc2 Qd8 19. Ne1 Nc8 20. Nd3 Nb4 21. Nxb4 Bxb4 22.
Bc1 Na7 23. a3 Be7 24. Ng3 Qb6 25. a4 Nc6 26. Rd2 Bb4 27. Rd3 O-O-O 28. Be3 Kb8
29. Qf3 Rdf8 30. Nh5 g6 31. Nf6 Qc7 32. Rdd1 Ba3 33. h4 h5 34. g3 Na5 35. Bc1
Be7 36. Bd2 Nc6 37. Bg5 Ba3 38. Qe3 Rc8 39. Rfe1 Ne7 40. Re2 Nc6 41. Rc2 a5 42.
Kg2 Bb4 43. Qf3 Ba3 44. Be3 Qd8 45. Bg5 Qc7 46. Qe2 Bb4 47. f3 Be8 48. Qf2 Qb6
49. Be3 Ne7 50. Rxc8+ Kxc8 51. Rc1+ Bc6 52. Bd3 Ba3 53. Rb1 Bb4 54. Qc2 Ng8 55.
Nxg8 Rxg8 56. Bb5 Kd7 57. Bxc6+ bxc6 58. g4 Qd8 59. Bg5 Qb6 60. Qd3 Be7 61. Bxe7
Kxe7 62. Qd2 hxg4 63. fxg4 c5 64. dxc5 Qxc5 65. Rc1 Qb6 66. Qc3 Kd7 67. Qc5 Qxc5
68. Rxc5 Ra8 69. Rb5 Kc6 70. Kf3 Rh8 71. Rxa5 Rxh4 72. Kg3 Rh1 73. b4 Rb1 74.
Ra6+ Kb7 75. b5 d4 76. Kf3 Rb4 77. Ke4 g5 78. Kd3 Kb8 79. Rb6+ Ka7 80. Ra6+ Kb8
81. Rd6 Rxa4 82. Rxd4 Ra1 83. Rd8+ Kc7 84. Rg8 Ra5 85. Rxg5 Rxb5 86. Ke4 Rb4+
87. Kf3 Kd7 88. Rg7 Ke7 89. g5 Kf8 90. Rh7 Kg8 91. Rh2 1/2-1/2

[Event "DRUZYNOWE MISTRZOSTWA POLSKI JUNIOROW - II LIGA"]
[Site "Szczyrk, CKiR Orle Gniazdo ul. Wrzosowa 28a"]
[Date "2014-07-26"]
[Round "1.81"]
[White "Gondro, Kacper"]
[Black "Tustanowski, Mateusz"]
[Result "1/2-1/2"]
[WhiteTitle "II"]
[BlackTitle "I"]
[WhiteElo "1514"]
[BlackElo "1760"]

1. e4 e5 2. Nc3 Nc6 3. Bc4 Nf6 4. d3 Bc5 5. Bg5 h6 6. Bh4 a6 7. Nd5 g5 8. Bg3 d6
9. Ne3 Na5 10. Bb3 Nxb3 11. axb3 h5 12. h4 g4 13. Ne2 Rf8 14. c3 Ba7 15. Qc2 Qe7
16. O-O c6 17. Rfe1 Bd7 18. d4 exd4 19. Nxd4 Bxd4 20. cxd4 Nxe4 21. Nc4 d5 22.
Bd6 Qxh4 23. Nb6 Rd8 24. Bxf8 Kxf8 25. Na4 Bf5 26. Qe2 g3 27. fxg3 Nxg3 28. Qe5
Kg8 29. Qe7 Qxe7 30. Rxe7 Rd7 31. Rae1 Ne4 32. Rxd7 Bxd7 33. Nc5 Nxc5 34. dxc5
Be6 35. g3 Kg7 36. Kf2 Kf6 37. b4 d4 38. Re4 d3 39. Rd4 Bf5 40. Ke3 Ke5 41. Rh4
Bg6 42. Rf4 Ke6 43. Rd4 Kf6 44. Rf4+ Ke7 45. Rd4 Ke8 46. Rf4 Kd7 47. Rd4+ Kc7
48. Rf4 Kb8 49. Rd4 Ka7 50. Rd7 Kb8 51. Rd8+ Kc7 52. Rd4 b6 53. Rf4 Kb7 54. Rd4
a5 55. bxa5 bxa5 56. Rd6 Kc7 57. Rd4 Kb7 58. Rd6 Kc7 59. Rd4 1/2-1/2

[Event "DRUZYNOWE MISTRZOSTWA POLSKI JUNIOROW - II LIGA"]
[Site "Szczyrk, CKiR Orle Gniazdo ul. Wrzosowa 28a"]
[Date "2014-07-26"]
[Round "1.82"]
[White "Kukula, Karol"]
[Black "Kucharski, Daniel"]
[Result "0-1"]
[WhiteTitle "II"]
[BlackTitle "II"]
[WhiteElo "1299"]
[BlackElo "1364"]

1. e4 e5 2. Nf3 Nc6 3. Nc3 Nf6 4. d4 exd4 5. Nxd4 Qe7 6. Nf5 Qd8 7. Bf4 d6 8. Nd4
Qe7 9. Nxc6 bxc6 10. Bd3 g6 11. O-O Bg7 12. Re1 O-O 13. e5 dxe5 14. Rxe5 Qb4 15.
Bd2 Qd6 16. Qe2 Ng4 17. Re4 Qxh2+ 18. Kf1 Qh1# 0-1

[Event "DRUZYNOWE MISTRZOSTWA POLSKI JUNIOROW - II LIGA"]
[Site "Szczyrk, CKiR Orle Gniazdo ul. Wrzosowa 28a"]
[Date "2014-07-26"]
[Round "1.83"]
[White "Mielczarek, Joanna"]
[Black "Wojcik, Jagoda"]
[Result "0-1"]
[WhiteTitle "I"]
[BlackTitle "I"]
[WhiteElo "1562"]
[BlackElo "1379"]

1. e4 d5 2. exd5 Qxd5 3. Nc3 Qa5 4. d4 Nf6 5. Bc4 Bf5 6. Nge2 e6 7. O-O Nbd7 8.
Bf4 Be7 9. a3 c6 10. b4 Qd8 11. Ng3 Bg6 12. Bd3 Bxd3 13. Qxd3 O-O 14. Nce4 Nd5
15. Bd2 N7f6 16. c4 Nc7 17. Bf4 Nxe4 18. Nxe4 Ne8 19. Rfe1 Nd6 20. Bxd6 Bxd6 21.
Re3 Bf4 22. Rh3 h6 23. Rd1 Qe7 24. Qf3 Bc7 25. Qg4 f5 26. Qg6 fxe4 27. Rxh6 Rfd8
28. Qh7+ Kf8 29. Rg6 Be5 30. Qh5 Bf6 31. Rg4 Qf7 32. Qh3 Bxd4 33. Rf1 Bf6 34.
Rxe4 e5 35. Rfe1 Rd2 36. c5 Rad8 37. Qh8+ Qg8 38. Qh5 Qf7 39. Qh8+ Qg8 40. Qh5
R2d3 41. R4e3 Rxe3 42. Rxe3 Qd5 43. h3 Qd2 44. Qf5 Qc1+ 45. Kh2 Qb2 46. Qe6 Qd4
47. Qf5 Qf4+ 48. Qxf4 exf4 49. Rf3 Ke7 50. h4 Rd2 51. Kh3 Be5 52. Kg4 Ke6 53.
Kg5 Rd1 54. g4 fxg3 55. fxg3 Rg1 56. Kg4 b6 57. cxb6 axb6 58. Kh3 Rc1 59. Kg2
Rc3 60. a4 Rc4 61. Rb3 Rc3 62. Rxc3 Bxc3 63. b5 cxb5 64. axb5 Kd5 65. g4 Kc5 66.
Kf3 Kxb5 67. Ke4 Kc4 0-1

[Event "DRUZYNOWE MISTRZOSTWA POLSKI JUNIOROW - II LIGA"]
[Site "Szczyrk, CKiR Orle Gniazdo ul. Wrzosowa 28a"]
[Date "2014-07-26"]
[Round "1.85"]
[White "Ziabek, Patryk"]
[Black "Piwowarczyk, Arkadiusz"]
[Result "1-0"]
[WhiteTitle "I"]
[BlackTitle "II"]
[WhiteElo "1896"]
[BlackElo "1419"]

1. e4 e5 2. Nf3 Nc6 3. Bb5 d6 4. d4 exd4 5. Nxd4 Bd7 6. Nc3 Nxd4 7. Bxd7+ Qxd7
8. Qxd4 Nf6 9. O-O Be7 10. b3 h6 11. Bb2 c5 12. Qd3 a6 13. Rad1 O-O 14. e5 Ne8
15. Ne4 Rd8 16. exd6 Qc6 17. Be5 Rd7 18. dxe7 Rxd3 19. exf8=Q+ Kxf8 20. cxd3 Kg8
21. Rfe1 Nc7 22. Bxc7 Qxc7 23. Rc1 b6 24. d4 Qd8 25. dxc5 bxc5 26. Nxc5 Qa5 27.
a4 Qb4 28. Nxa6 Qxb3 29. Nc5 Qa3 30. Ra1 Qxc5 31. a5 Qa7 32. a6 Kf8 33. Reb1 g6
34. h3 Kg7 35. Rb7 Qd4 36. Ra2 Qd1+ 37. Kh2 Qd6+ 38. g3 Qd5 39. Rbb2 h5 40. a7
h4 41. a8=Q 1-0

[Event "DRUZYNOWE MISTRZOSTWA POLSKI JUNIOROW - II LIGA"]
[Site "Szczyrk, CKiR Orle Gniazdo ul. Wrzosowa 28a"]
[Date "2014-07-26"]
[Round "1.87"]
[White "Dixa, Oskar"]
[Black "Brozyna, Mateusz"]
[Result "1-0"]
[WhiteTitle "I"]
[BlackTitle "II"]
[WhiteElo "1496"]
[BlackElo "1471"]

1. e4 c5 2. Nf3 d6 3. d4 cxd4 4. Nxd4 Nf6 5. Nc3 Bd7 6. f3 e5 7. Nb3 Be7 8. Be3
O-O 9. Qd2 a5 10. a4 Be6 11. Rd1 Nc6 12. Nd5 Bxd5 13. exd5 Nb4 14. c4 Nh5 15.
Qf2 Bg5 16. Bb6 Nc2+ 17. Qxc2 Qxb6 18. g3 Nf4 19. c5 Qb4+ 20. Qc3 Qxc3+ 21. bxc3
Ng6 22. c6 bxc6 23. dxc6 Rfc8 24. Bb5 Be7 25. c4 Nf8 26. Nd2 Ne6 27. Nb3 Rc7 28.
Ke2 Nd8 29. c5 dxc5 30. Rd7 Rxd7 31. cxd7 Ne6 32. Rc1 g6 33. Kd3 Kg7 34. Kc4 Nc7
35. Nxc5 Nxb5 36. axb5 a4 37. Kd5 a3 38. Na6 Ra7 39. Kc6 Bd8 40. Ra1 Kf6 41. Rxa3
Ke7 1-0

[Event "DRUZYNOWE MISTRZOSTWA POLSKI JUNIOROW - II LIGA"]
[Site "Szczyrk, CKiR Orle Gniazdo ul. Wrzosowa 28a"]
[Date "2014-07-26"]
[Round "1.89"]
[White "Gudelajtis, Anna"]
[Black "Jarocka, Liwia"]
[Result "1-0"]
[WhiteTitle "I"]
[BlackTitle "I"]
[WhiteElo "1507"]
[BlackElo "1325"]

1. e4 e5 2. Nf3 Nc6 3. d4 exd4 4. Nxd4 Nf6 5. Nxc6 bxc6 6. Bd3 d5 7. O-O Bg4 8.
Qe1 dxe4 9. Bxe4 Nxe4 10. Qxe4+ Be6 11. Qxc6+ Bd7 12. Qc3 Be7 13. Qxg7 Bf6 14.
Qg3 Kf8 15. Bh6+ Ke7 16. Nc3 Be6 17. Rad1 Qc8 18. Nd5+ Bxd5 19. Rxd5 Qe6 20. Qxc7+
Ke8 21. Rd6 Rd8 22. Rxe6+ fxe6 23. Re1 e5 24. f4 Be7 25. Qxe5 Rd7 26. Qxh8+ Kf7
27. Qg7+ Ke8 28. Qf8# 1-0

[Event "DRUZYNOWE MISTRZOSTWA POLSKI JUNIOROW - II LIGA"]
[Site "Szczyrk, CKiR Orle Gniazdo ul. Wrzosowa 28a"]
[Date "2014-07-26"]
[Round "1.91"]
[White "Kosior, Jan"]
[Black "Sanz Wawer, Daniel"]
[Result "0-1"]
[WhiteTitle "II"]
[BlackTitle "I"]
[WhiteElo "1424"]
[BlackElo "1736"]

1. c4 e5 2. Nc3 f5 3. e3 Nf6 4. g3 g6 5. Bg2 Bg7 6. Nge2 O-O 7. O-O d6 8. Qc2 c6
9. d4 e4 10. d5 Nbd7 11. Nd4 Ne5 12. b3 c5 13. Nde2 Nf3+ 14. Bxf3 exf3 15. Nf4
g5 16. Nd3 Qe8 17. Ne1 Qh5 18. Rb1 Nd7 19. Bd2 Rf6 20. e4 Rh6 21. h4 f4 22. Rc1
gxh4 23. Bxf4 hxg3 24. fxg3 Bd4+ 0-1

[Event "DRUZYNOWE MISTRZOSTWA POLSKI JUNIOROW - II LIGA"]
[Site "Szczyrk, CKiR Orle Gniazdo ul. Wrzosowa 28a"]
[Date "2014-07-26"]
[Round "1.92"]
[White "Jarzebowski, Kacper"]
[Black "Wierzba, Maksymilian"]
[Result "1-0"]
[WhiteTitle "II+"]
[BlackTitle "II"]
[WhiteElo "1548"]
[BlackElo "1463"]

1. e4 e6 2. Nf3 d5 3. Nc3 Nf6 4. e5 Nfd7 5. Ne2 c5 6. c3 Nc6 7. d4 Qb6 8. Qb3 Qxb3
9. axb3 cxd4 10. cxd4 Nb4 11. Kd1 f6 12. Be3 fxe5 13. Nxe5 Nf6 14. Nc3 a6 15.
Nb5 Rb8 16. Nc3 Bd7 17. Be2 Be7 18. g4 Nc6 19. f4 Bc8 20. Kc2 Nb4+ 21. Kd2 O-O
22. h4 Nd7 23. g5 Nxe5 24. fxe5 Nc6 25. h5 Bd7 26. Bg4 Nd8 27. Nxd5 exd5 28. Bxd7
Nc6 29. Be6+ 1-0

[Event "DRUZYNOWE MISTRZOSTWA POLSKI JUNIOROW - II LIGA"]
[Site "Szczyrk, CKiR Orle Gniazdo ul. Wrzosowa 28a"]
[Date "2014-07-26"]
[Round "1.93"]
[White "Sloniewski, Kacper"]
[Black "Baum, Jonasz"]
[Result "0-1"]
[WhiteTitle "II"]
[BlackTitle "II+"]
[WhiteElo "1093"]
[BlackElo "1632"]

1. c4 e5 2. Nc3 Nf6 3. g3 Nc6 4. Bg2 Bc5 5. e3 d5 6. cxd5 Nb4 7. d3 Nbxd5 8. Nxd5
Nxd5 9. e4 Nb4 10. a3 Nxd3+ 11. Ke2 Nxf2 12. Qc2 Bb6 13. Be3 Bxe3 14. Kxe3 Nxh1
15. Bxh1 O-O 16. Nf3 f6 17. Bg2 Qd6 18. Rd1 Qb6+ 19. Ke2 Be6 20. Nh4 Bb3 21. Qd2
Bxd1+ 22. Qxd1 Qxb2+ 23. Kf3 Qxa3+ 24. Kg4 Rad8 25. Qc2 c6 26. Nf5 g6 27. Qc4+
Kh8 28. Nh4 Rd4 29. Qe6 Qd6 30. Qb3 f5+ 31. Kh3 g5 32. Nxf5 Rxf5 33. exf5 Qh6#
0-1

[Event "DRUZYNOWE MISTRZOSTWA POLSKI JUNIOROW - II LIGA"]
[Site "Szczyrk, CKiR Orle Gniazdo ul. Wrzosowa 28a"]
[Date "2014-07-26"]
[Round "1.95"]
[White "Dabrowska, Aleksandra"]
[Black "Reda, Lucja"]
[Result "1-0"]
[WhiteTitle "II"]
[BlackTitle "II"]
[WhiteElo "1372"]
[BlackElo "1244"]

1. e4 e5 2. Nf3 Nc6 3. Bc4 Bc5 4. Nc3 Nf6 5. d3 h6 6. O-O d6 7. h3 Be6 8. Bb3 Qd7
9. Na4 Bb6 10. Nxb6 axb6 11. c3 Bxb3 12. Qxb3 O-O 13. Nh4 d5 14. Qc2 dxe4 15.
dxe4 Rad8 16. f3 Rfe8 17. Be3 Re6 18. Rad1 Rd6 19. Rxd6 Qxd6 20. a3 Na5 21. Nf5
Qe6 22. Qf2 Ne8 23. Qh4 Qf6 24. Qg4 Kf8 25. f4 Qg6 26. Qf3 Nc4 27. Bc1 Qe6 28.
b3 Nd2 29. Bxd2 Rxd2 30. fxe5 Qxe5 31. Nxh6 Qe6 32. Qxf7+ 1-0

[Event "DRUZYNOWE MISTRZOSTWA POLSKI JUNIOROW - II LIGA"]
[Site "Szczyrk, CKiR Orle Gniazdo ul. Wrzosowa 28a"]
[Date "2014-07-26"]
[Round "1.96"]
[White "Tarka, Aleksandra"]
[Black "Kaczmarska, Joanna"]
[Result "1/2-1/2"]
[WhiteTitle "I"]
[BlackTitle "I++"]
[WhiteElo "1352"]
[BlackElo "1717"]

1. e4 e5 2. Nf3 Nc6 3. Bc4 Nf6 4. Ng5 d5 5. exd5 b5 6. Bf1 Nd4 7. c3 Nxd5 8. cxd4
Qxg5 9. Bxb5+ Kd8 10. O-O Bb7 11. Qf3 Rb8 12. dxe5 Ne3 13. Qh3 Qxg2+ 14. Qxg2
Nxg2 15. d4 f6 16. f4 Nh4 17. Be2 Nf5 18. Rd1 Ke8 19. d5 Bc5+ 20. Kf1 fxe5 21.
fxe5 Rf8 22. Ke1 Nd4 23. Bd3 Nf3+ 24. Ke2 Nxe5 25. Be3 Nxd3 26. Kxd3 Rf3 27. Re1
Rxe3+ 28. Rxe3+ Bxe3 29. Kxe3 Bxd5 30. Nc3 Be6 31. b3 Rb4 32. Rg1 Kf7 33. Ne4
h6 34. Rc1 Rb7 35. Nc5 Rb6 36. Na4 Rb7 37. Nc5 Rb5 38. Nxe6 Re5+ 39. Kd3 Rxe6
40. Rxc7+ Re7 41. Rxe7+ Kxe7 42. Ke4 Ke6 43. b4 a6 44. a4 g6 45. h3 g5 46. b5
axb5 47. axb5 h5 48. b6 Kd6 49. Kf5 g4 50. hxg4 hxg4 51. Kxg4 Kc6 52. b7 Kxb7
1/2-1/2

[Event "DRUZYNOWE MISTRZOSTWA POLSKI JUNIOROW - II LIGA"]
[Site "Szczyrk, CKiR Orle Gniazdo ul. Wrzosowa 28a"]
[Date "2014-07-26"]
[Round "1.97"]
[White "Zylka, Stanislaw"]
[Black "Chmielarz, Maciej"]
[Result "0-1"]
[WhiteTitle "I++"]
[BlackTitle "I"]
[WhiteElo "1931"]
[BlackElo "1862"]

1. e4 c6 2. d4 d5 3. exd5 cxd5 4. c4 e6 5. Nc3 Nf6 6. c5 b6 7. b4 a5 8. Na4 Nfd7
9. Bb5 Ba6 10. Qe2 bxc5 11. bxc5 Bxb5 12. Qxb5 Qc7 13. Ne2 Qc6 14. Rb1 Be7 15.
Bf4 f6 16. O-O e5 17. Be3 O-O 18. Rfd1 Qe6 19. Qb3 Nc6 20. dxe5 Rab8 21. Nf4 Qxe5
22. Qxd5+ Qxd5 23. Nxd5 Kf7 24. g3 Nde5 25. Nxe7 Nxe7 26. Nb6 Rfd8 27. Kf1 g5
28. h3 Nf5 29. Ke2 Re8 30. Rb3 h5 31. Ra3 Nc6 32. Rd7+ Kg6 33. Kf1 Ne5 34. Rc7
Rbd8 35. Rxa5 Nxe3+ 36. fxe3 Rd2 37. Raa7 Red8 38. Rg7+ Kf5 39. g4+ hxg4 40. hxg4+
Kxg4 41. Nd7 Nxd7 42. Ra4+ Kf3 43. Rd4 Nxc5 44. Rxd2 Rxd2 45. Ke1 Rxa2 0-1

[Event "DRUZYNOWE MISTRZOSTWA POLSKI JUNIOROW - II LIGA"]
[Site "Szczyrk, CKiR Orle Gniazdo ul. Wrzosowa 28a"]
[Date "2014-07-26"]
[Round "1.98"]
[White "Michalski, Filip"]
[Black "Beczala, Pawel"]
[Result "1/2-1/2"]
[WhiteTitle "I"]
[BlackTitle "II+"]
[WhiteElo "1740"]
[BlackElo "1711"]

1. d4 c5 2. Nf3 cxd4 3. Nxd4 g6 4. c4 Nc6 5. e4 Nf6 6. Nc3 d6 7. Be2 Nxd4 8. Qxd4
Bg7 9. Be3 O-O 10. Qd2 Be6 11. O-O Qa5 12. f3 Rfe8 13. Rac1 Rac8 14. b3 a6 15.
Rfd1 Nd7 16. Nd5 Qxd2 17. Rxd2 Bxd5 18. Rxd5 Rc6 19. g3 Rec8 20. Rcd1 h6 21. Bf1
Nb6 22. R5d3 Kh7 23. f4 Rf8 24. Bg2 Nc8 25. e5 Rc7 26. exd6 exd6 27. Bc1 Re8 28.
Kf2 b5 29. Bd5 Nb6 30. Be3 Nxd5 31. cxd5 Rc2+ 32. R1d2 Rec8 33. Ke2 Rb2 34. Rxb2
Bxb2 35. Rd2 Bc1 36. Rd3 Bxe3 37. Kxe3 Rc2 38. Rd2 Rxd2 39. Kxd2 g5 40. fxg5 hxg5
41. Ke3 Kg6 42. Ke4 f5+ 43. Ke3 g4 44. b4 Kg5 45. a3 Kg6 46. Kd3 Kf6 47. Kd4 1/2-1/2

[Event "DRUZYNOWE MISTRZOSTWA POLSKI JUNIOROW - II LIGA"]
[Site "Szczyrk, CKiR Orle Gniazdo ul. Wrzosowa 28a"]
[Date "2014-07-26"]
[Round "1.101"]
[White "Binkowska, Agata"]
[Black "Kopacka, Natalia"]
[Result "1-0"]
[WhiteTitle "I"]
[BlackTitle "II+"]
[WhiteElo "1602"]
[BlackElo "1294"]

1. e4 e5 2. Nf3 Nc6 3. Bb5 d6 4. O-O a6 5. Ba4 Bg4 6. c3 b5 7. Bc2 Nf6 8. d3 d5
9. h3 Be6 10. exd5 Nxd5 11. Re1 Qd6 12. Nbd2 Nf4 13. Ne4 Qd7 14. Neg5 Bd6 15.
Bxf4 exf4 16. d4 Ne7 17. Nxe6 fxe6 18. Ng5 e5 19. dxe5 Bc5 20. Qf3 Rb8 21. Nxh7
c6 22. e6 Qc7 23. Qh5+ Kd8 24. Qxc5 1-0

[Event "DRUZYNOWE MISTRZOSTWA POLSKI JUNIOROW - II LIGA"]
[Site "Szczyrk, CKiR Orle Gniazdo ul. Wrzosowa 28a"]
[Date "2014-07-26"]
[Round "1.103"]
[White "Kaluzny, Tomasz"]
[Black "Lapaj, Mateusz"]
[Result "0-1"]
[WhiteTitle "I"]
[BlackTitle "I++"]
[WhiteElo "1765"]
[BlackElo "2135"]

1. c4 Nf6 2. Nc3 g6 3. g3 Bg7 4. Bg2 O-O 5. Nf3 d6 6. O-O e5 7. d3 Nbd7 8. Rb1
Re8 9. b4 a5 10. a3 axb4 11. axb4 e4 12. Ng5 exd3 13. exd3 Ne5 14. f4 Neg4 15.
h3 Ne3 16. Bxe3 Rxe3 17. Rf3 Rxf3 18. Qxf3 Ra3 19. Nd5 h6 20. Nxf6+ Qxf6 21. Ne4
Qd4+ 22. Nf2 Ra2 23. b5 Qc5 24. Kf1 Bd4 25. Ne4 Qa3 26. Rd1 Bf5 27. Ke1 Bxe4 28.
dxe4 Qb4+ 29. Kf1 Qxc4+ 30. Qd3 Rf2+ 31. Ke1 Qb4+ 32. Rd2 Rxd2 33. Qxd2 Bc3 0-1

[Event "DRUZYNOWE MISTRZOSTWA POLSKI JUNIOROW - II LIGA"]
[Site "Szczyrk, CKiR Orle Gniazdo ul. Wrzosowa 28a"]
[Date "2014-07-26"]
[Round "1.104"]
[White "Rosicki, Marcin"]
[Black "Kaluzny, Jan"]
[Result "1-0"]
[WhiteTitle "I"]
[BlackTitle "II"]
[WhiteElo "1776"]
[BlackElo "1367"]

1. e4 c5 2. Nf3 Nc6 3. Nc3 Nf6 4. d4 cxd4 5. Nxd4 d6 6. Be2 e6 7. Be3 a6 8. Qd2
Be7 9. f3 O-O 10. O-O-O Bd7 11. g4 b5 12. h4 b4 13. Nb1 Nxd4 14. Bxd4 e5 15. Be3
Bb5 16. h5 Bxe2 17. Qxe2 Qa5 18. g5 Nd7 19. g6 Rfc8 20. h6 fxg6 21. hxg7 Qxa2
22. Qh2 Nf6 23. Bg5 Qb3 24. Bxf6 Qe3+ 25. Rd2 Rxc2+ 26. Kxc2 Rc8+ 27. Nc3 Rxc3+
28. bxc3 Qxc3+ 29. Kb1 Qb3+ 30. Ka1 Qc3+ 31. Rb2 Qa3+ 32. Ra2 Qc3+ 33. Qb2 Qxf3
34. Bxe7 Qxh1+ 35. Qb1 Qf3 36. Bf8 Qc3+ 37. Rb2 b3 38. Qd1 Qc4 39. Qxb3 Qxb3 40.
Rxb3 h5 41. Rg3 h4 42. Rxg6 h3 43. Rh6 h2 44. Rh8+ Kf7 45. g8=Q+ Kf6 46. Qg7+
Ke6 47. Rh6# 1-0

[Event "DRUZYNOWE MISTRZOSTWA POLSKI JUNIOROW - II LIGA"]
[Site "Szczyrk, CKiR Orle Gniazdo ul. Wrzosowa 28a"]
[Date "2014-07-26"]
[Round "1.105"]
[White "Niemier, Hubert"]
[Black "Gora, Szczepan"]
[Result "1-0"]
[WhiteTitle "II"]
[BlackTitle "III"]
[WhiteElo "1413"]
[BlackElo "1115"]

1. d4 d5 2. Bf4 Nc6 3. e3 a6 4. c4 dxc4 5. Bxc4 e6 6. Nc3 Bb4 7. Nf3 Nf6 8. O-O
Bxc3 9. bxc3 O-O 10. Qc2 b5 11. Bd3 h6 12. a4 bxa4 13. Qxa4 Ne7 14. h3 Ned5 15.
Bh2 Bb7 16. Qb3 Ra7 17. e4 Nb6 18. Qc2 Qe7 19. c4 c5 20. d5 exd5 21. exd5 Rd8
22. Rfe1 Qf8 23. Bc7 Nbd7 24. Bxd8 Qxd8 25. Ne5 Nxe5 26. Rxe5 Qc7 27. Rae1 Qb8
28. Qa4 Ra8 29. Qa5 Qd6 30. Re7 Rb8 31. Qc7 Qxc7 32. Rxc7 Kf8 33. Ree7 Ba8 34.
Rxf7+ Ke8 35. Rxg7 Kd8 36. Rxc5 Nd7 37. Rg8+ Ke7 38. Rxb8 Nxc5 39. Rxa8 Nxd3 40.
Rxa6 h5 41. Kf1 Kd7 42. g3 Nc5 43. Rh6 h4 44. Rxh4 Kd6 45. Ke2 Nd7 46. Re4 Nb6
47. Re6+ Kc5 48. Rc6+ Kd4 49. Rxb6 Kxc4 50. d6 Kc5 51. d7 Kxb6 52. d8=Q+ Kb7 53.
f4 Ka7 54. f5 Kb7 55. f6 Ka7 56. Qd7+ Kb6 57. f7 Ka6 58. f8=Q Ka5 59. Qc5+ Ka6
60. Qda7# 1-0

[Event "DRUZYNOWE MISTRZOSTWA POLSKI JUNIOROW - II LIGA"]
[Site "Szczyrk, CKiR Orle Gniazdo ul. Wrzosowa 28a"]
[Date "2014-07-26"]
[Round "1.107"]
[White "Walkowiak, Bogumila"]
[Black "Konopacka, Martyna"]
[Result "0-1"]
[WhiteTitle "II"]
[BlackTitle "I"]
[WhiteElo "1240"]
[BlackElo "1715"]

1. e4 e5 2. Nf3 Nc6 3. Bc4 Bc5 4. c3 Nf6 5. d3 a6 6. Bb3 O-O 7. O-O d6 8. h3 Ba7
9. Nbd2 Ne7 10. Re1 Ng6 11. Nf1 h6 12. Ng3 Nh7 13. d4 Be6 14. Bc2 Kh8 15. Be3
c6 16. b3 Qc7 17. Qe2 b5 18. c4 bxc4 19. bxc4 exd4 20. Bxd4 Ng5 21. Bxa7 Nxf3+
22. Qxf3 Rxa7 23. Bb3 a5 24. a4 Rb7 25. Qc3 Qb6 26. Rab1 Qc5 27. Rec1 Rb4 28.
Nf1 f5 29. exf5 Bxf5 30. Rb2 Ne5 31. Ne3 Nd3 32. Nxf5 Qxf5 33. Rcb1 Nxb2 34. Rxb2
Qf6 35. Qd2 Rfb8 36. Qc2 Qd4 37. Rb1 Qb6 38. Re1 Rxb3 39. Qg6 Rb1 40. Rxb1 Qxb1+
0-1

[Event "DRUZYNOWE MISTRZOSTWA POLSKI JUNIOROW - II LIGA"]
[Site "Szczyrk, CKiR Orle Gniazdo ul. Wrzosowa 28a"]
[Date "2014-07-26"]
[Round "1.108"]
[White "Zamarska, Sylwia"]
[Black "Ciesinska, Weronika"]
[Result "0-1"]
[WhiteTitle "II"]
[BlackTitle "II"]
[WhiteElo "1313"]
[BlackElo "1369"]

1. d4 Nf6 2. c4 g6 3. Nc3 Bg7 4. Nf3 O-O 5. Bg5 d6 6. e3 Nbd7 7. Bd3 Re8 8. O-O
e5 9. dxe5 Nxe5 10. Nxe5 Rxe5 11. Bf4 Re8 12. h3 Be6 13. Qf3 c6 14. Bg5 d5 15.
cxd5 Bxd5 16. Nxd5 Qxd5 17. Qxd5 Nxd5 18. Rab1 h6 19. Bh4 Nb4 20. Rfd1 Nxa2 21.
Bc4 Nb4 22. Bg3 Rad8 23. Bd6 Nd5 24. Bxd5 cxd5 25. Bc5 b6 26. Bd4 Rd7 27. Bxg7
Kxg7 28. Rd4 Re4 29. Rbd1 Rxd4 30. Rxd4 f5 31. Kf1 g5 32. Ke2 Kf6 33. Kd3 Ke6
34. f3 a5 35. b3 b5 36. g4 fxg4 37. fxg4 Ke5 38. Kc3 b4+ 39. Kd2 Rc7 40. Rd3 Rc6
41. Rd4 Rc3 42. Rd3 Rxd3+ 43. Kxd3 Ke6 44. Kd4 Kd6 45. Kd3 Ke5 46. Kd2 Ke4 47.
Ke2 d4 48. exd4 Kxd4 49. Kd2 Kc5 50. Kd3 Kb5 51. Kc2 a4 52. bxa4+ Kxa4 53. Kb2
b3 54. Kb1 Kb4 55. Kb2 Kc4 56. Kb1 Kd3 57. Kb2 Ke3 58. Kxb3 Kf3 59. Kc4 Kg3 60.
Kd4 Kxh3 0-1

[Event "DRUZYNOWE MISTRZOSTWA POLSKI JUNIOROW - II LIGA"]
[Site "Szczyrk, CKiR Orle Gniazdo ul. Wrzosowa 28a"]
[Date "2014-07-26"]
[Round "1.109"]
[White "Osinski, Emil"]
[Black "Bialucha, Sebastian"]
[Result "1-0"]
[WhiteTitle "I"]
[BlackTitle "II"]
[WhiteElo "1937"]
[BlackElo "1333"]

1. e4 e6 2. d4 d5 3. Nd2 dxe4 4. Nxe4 Bd7 5. Bd3 Bc6 6. Nf3 Nd7 7. O-O Ngf6 8.
Bg5 Be7 9. Bxf6 Nxf6 10. Qe2 O-O 11. Rfe1 Nxe4 12. Bxe4 Bxe4 13. Qxe4 c6 14. c4
Qd6 15. d5 Bf6 16. dxe6 fxe6 17. Rad1 Qe7 18. Qxe6+ Qxe6 19. Rxe6 c5 20. b3 b6
21. Rd5 Rad8 22. Red6 Rfe8 23. Rxd8 Rxd8 24. Rxd8+ Bxd8 25. Ne5 Bc7 26. Nd3 Kf7
27. f4 g5 28. Kf2 h6 29. Kf3 Kf6 30. Ke4 gxf4 31. Nxf4 Bxf4 32. Kxf4 h5 33. h4
1-0